[Event "HCL-E028"]
[Site "www.playchess.de"]
[Date "2001.02.19"]
[Round "6"]
[White "Radost"]
[Black "NOHAU"]
[WhiteElo "1959"]
[BlackElo "2270"]
[PlyCount "25"]
[Result "1/2-1/2"]

1.e4 {Ich gruesse Dich! Ich bin Dresdener - und 
du?}  e5 {Aus der Stadt der scharfen Messer !}  
2.Nf3 {Woher?? (hab nur studiert)}  Nf6 {Solingen, 
studiert habe ich CHEMIE und Du ?}  3.d4 {ach, 
stimmt ja! Ich bin Magister-Soziologe. Also 
spielen hier zwei "Wissenschaftler"!}  Nxe4 4.Bd3 
d5 5.Nxe5 Nd7 6.Nxd7 Bxd7 7.Qe2 Qh4 8.g3 Qe7 9.f3 
Nd6 10.Qxe7+ Bxe7 11.Nc3 c6 12.Kf2 Bf5 
13.Bxf5 1/2-1/2

[Event "ACL-A096"]
[Site "www.playchess.de"]
[Date "2001.02.19"]
[Round "16"]
[White "MP"]
[Black "bj2000de"]
[WhiteElo "1500"]
[BlackElo "1500"]
[PlyCount "30"]
[Result "0-1"]

1.e4 e6 2.Nf3 d5 3.exd5 exd5 4.d4 Nf6 5.Be2 Bd6 
6.O-O Be6 7.Nbd2 O-O 8.b3 c5 9.c3 Nc6 10.Ng5 cxd4 
11.Nxe6 fxe6 12.cxd4 Nxd4 13.Nf3 Nxf3+ 14.Bxf3 Qc7 
15.Bb2 Bxh2+ 0-1

[Event "ACL-A096"]
[Site "www.playchess.de"]
[Date "2001.02.19"]
[Round "17"]
[White "chesssk"]
[Black "MP"]
[WhiteElo "1500"]
[BlackElo "1500"]
[PlyCount "27"]
[Result "1-0"]

1.e4 c5 2.Nf3 Nc6 3.d4 cxd4 4.Nxd4 Nf6 5.Nxc6 bxc6 
6.Nc3 e5 7.Be2 Bc5 8.Qd3 O-O 9.Be3 Bxe3 10.Qxe3 d5 
11.exd5 cxd5 12.O-O d4 13.Qxe5 dxc3 
14.Qxc3 1-0

[Event "ACL-A097"]
[Site "www.playchess.de"]
[Date "2001.02.19"]
[Round "13"]
[White "patzer"]
[Black "michaeljohn"]
[WhiteElo "1599"]
[BlackElo "1500"]
[PlyCount "36"]
[Result "0-1"]

1.e4 c5 {Hello from Washington, DC.}  2.Nf3 
{Hello! Sorry, my English is to poor to talk with 
you...}  d6 {That's OK.}  3.d4 cxd4 4.Nxd4 Nf6 
5.Nc3 Nc6 6.Bc4 Qb6 7.Nb3 e6 8.O-O Be7 9.Bg5 O-O 
10.Bxf6 Bxf6 11.Qxd6 Rd8 12.Qg3 Be5 13.Qh3 Bd7 
14.a3 Rac8 15.Rad1 Na5 16.Rxd7 Nxc4 17.Na4 Qc6 
18.Na5 Qxd7 0-1

[Event "HCL-B164"]
[Site "www.playchess.de"]
[Date "2001.02.19"]
[Round "20"]
[White "MP"]
[Black "Killer"]
[WhiteElo "1566"]
[BlackElo "1500"]
[PlyCount "32"]
[Result "1/2-1/2"]

1.d4 d5 2.Nf3 Nf6 3.e3 c6 4.Be2 Bf5 5.O-O Nbd7 
6.Nc3 e6 7.Bd3 Bg4 8.Re1 Bb4 9.Bd2 c5 10.a3 Bxc3 
11.bxc3 Ne4 12.Be2 Ndf6 13.Ne5 Bxe2 14.Qxe2 Nxd2 
15.Qxd2 Ne4 16.Qc1 Qf6 1/2-1/2

[Event "HCL-B180"]
[Site "www.playchess.de"]
[Date "2001.02.19"]
[Round "8"]
[White "dakini"]
[Black "Jefersonmello"]
[WhiteElo "1376"]
[BlackElo "1500"]
[PlyCount "50"]
[Result "0-1"]

1.e4 e5 {Hello from Rio de Janeiro}  2.f4 {Nice to 
hear ... Rio ... Many greetings from Kassel ( 
right in the middle of germany)}  d6 {i have been 
in Hamburg, Bremen and Wismar, i liked these 
places. Good Luck!}  3.Nf3 {what about your age 
and profession?}  exf4 {36 i am a seamen, u?}  
4.Bc4 {40 and a dentist who becomes seasick 
rapidly ...}  h6 5.O-O Nc6 6.Nc3 Be7 {...}  7.Ne1 
g5 8.Qh5 Ne5 9.g3 Nf6 10.Bxf7+ Nxf7 11.Qe2 Bh3 
12.Ng2 Qd7 13.gxf4 gxf4 14.Rxf4 Bxg2 15.Kxg2 Rg8+ 
16.Kh1 O-O-O 17.Nd5 Rg6 18.Qe3 Nxd5 19.exd5 Bg5 
20.Qxa7 c6 21.Rxf7 Qxf7 22.Qa8+ Kd7 23.Qxb7+ Ke8 
24.Qxc6+ Kf8 25.d3 Qf1+ 0-1

[Event "HCL-B183"]
[Site "www.playchess.de"]
[Date "2001.02.19"]
[Round "10"]
[White "Bauernopfer"]
[Black "Translightor"]
[WhiteElo "1307"]
[BlackElo "1415"]
[PlyCount "49"]
[Result "1-0"]

1.e4 c5 2.Nf3 e6 3.d4 cxd4 4.Nxd4 a6 5.Bd3 Qc7 
6.O-O d6 7.Nc3 Nf6 8.Bg5 Be7 9.Qf3 Nbd7 10.Rfd1 
O-O 11.Qg3 Ne5 12.Be2 b5 13.f4 Ng6 14.Bf3 Bb7 
15.f5 b4 16.Nce2 exf5 17.Nxf5 Bxe4 18.Bxf6 Bxf3 
19.Nxe7+ Kh8 20.Bxg7+ Kxg7 21.Nf5+ Kh8 22.Qxf3 
Qxc2 23.Nxd6 Ra7 24.Qf6+ Kg8 25.Nf5 1-0

[Event "HCL-B185"]
[Site "www.playchess.de"]
[Date "2001.02.19"]
[Round "11"]
[White "Translightor"]
[Black "dakini"]
[WhiteElo "1413"]
[BlackElo "1372"]
[PlyCount "51"]
[Result "1-0"]

1.e4 {Und hallo wieder einmal!}  e5 {Hallo! Hier 
ist die Spielstärke doch höher...}  2.Nf3 
{Beschwer Dich nicht - Du hast Dich nach mir 
angemeldet!}  Nc6 {In den anderen Partien bin ich 
zu forsch angegangen. Vorerst keine weiteren 
Turniere.}  3.Bb5 {Es ist ja wiederum positiv, 
wenn man bei sich noch Möglichkeiten zur 
Verbesserung sieht.}  a6 {Um diese Zeit liegt man 
für gewöhnlich im Bett und erholt sich zunehmends 
...}  4.Ba4 {... aber Du hast Zahnschmerzen?!}  b5 
{Auf einen Nenner gebracht: total überlastet; man 
sieht´s auch am Spiel hier augenblicklich}  5.Bb3 
{Ich habe im Moment auch viele Nachtschichten und 
tröste mich dadurch, ab und zu paar Züge zu 
machen.}  Nf6 {Ich weiß nie recht, ob man besser 
auf b7 verzichtet und gleich Nf6 spielen 
soll...???}  6.O-O {Sf6 ist sicher häufiger, aber 
b5 ist auch in Ordnung. Am Anfang gibt es ja viele 
Möglichkeiten.}  Nxe4 {... oder Bc5?}  7.Re1 {Geht 
bestimmt aber auch, aber jetzt bin ich gerade im 
Büro, wo ich keine Schachbücher habe.}  Bc5 {Ich 
habe mir jetzt Literatur besorgt und eine CB CD. 
Nach Abschluß der Spiele hier folgt eine Lernpa}  
8.Rxe4 {Schmatz!}  d5 {Wieder zuviel gelabert und 
gedacht ... Wohl bekomms!}  9.Re1 {Immerhin hast 
Du jetzt ein sehr starkes Zentrum.}  Bg4 10.Nxe5 
{Nochmal Schmatz - ich muss zuhause mal gucken, ob 
das schonmal gespielt wurde!}  Bxf2+ 
{Wahrscheinlich gehts daneben; ist aber reizvoller 
als nach dem Abzug die Dame ebenfalls 
loszuwerden.}  11.Kxf2 {Erstaunlich, wie nach 
einer ganz normalen Eröffnung in 10 Zügen so ein 
Chaos entstehen kann.}  Qf6+ {Entbehrt aber wie 
gesagt nicht eines gewissen Reizes. Ein schönes 
Wochenende darf ich wünschen!}  12.Nf3+ {Danke, 
Dir auch.}  Ne5 13.d4 {Ein "fesselndes" Spiel!}  
O-O {Ich denke, d4 war die Handschelle ...  Ein 
paar Züge dürfen es aber gerne noch sein.}  
14.dxe5 {Manchmal habe ich auch solche Partien, wo 
mir die Figuren nur so wegfliegen.}  Qe7 15.Qxd5 
Rad8 {Ein bißchen werde ich noch exprimentieren 
... danach dann eine Auszeit nehmen, um zu 
studieren ... D}  16.Qe4 Bxf3 17.gxf3 Qc5+ 18.Be3 
Qe7 19.c4 f5 {Sag mal, wann schläfst Du 
eigentlich? Du solltest in jungen Jahren doch mehr 
auf Deine Gesundheit ac}  20.cxb5+ {Morgen ist 
Mannschaftskampf - Abstiegskampf! Wer kann da 
schlafen?}  Kh8 {Ein Turnier habe ich noch mal 
angenommen. Danach lerne ich erstmal Eröffnungen 
... Halboffen gefällt}  21.Qf4 {Ich würde an 
Deiner Stelle auch weiter Turniere spielen, um die 
Eröffnungen gleich auszuprobieren.}  Rd3 {Danke 
für die Motivation. Ich hoffe, daß Du vielleicht 
gerade ein schönes Match bewältigst! (Mannsch}  
22.Nc3 {Heute lief's gut - die Mannschaft hat 
gewonnen und ich auch. Einziger Nachteil: Morgen 
ist Montag!}  g5 23.Qc4 g4 24.Qxd3 {Dieser Zug ist 
für Dich bestimmt kein guter Start in den 
Montag...}  Qh4+ {Heute hätte es gar nicht hell zu 
werden brauchen}  25.Kg1 {Dann möchte ich heute 
nicht Patient bei Dir sein!}  Qg3+ {Hat mit der 
Praxis nichts zu tun. Außerdem trenne ich da 
striktest!}  26.hxg3 {Sonst würde der Bohrer wohl 
heißlaufen! Spielst du jetzt auf Patt?} 
 1-0

[Event "ACL-A098"]
[Site "www.playchess.de"]
[Date "2001.02.19"]
[Round "19"]
[White "Qaurial"]
[Black "Jefersonmello"]
[WhiteElo "1500"]
[BlackElo "1500"]
[PlyCount "25"]
[Result "1-0"]

1.d4 d5 2.e4 dxe4 3.Nc3 f5 4.Bg5 h6 5.Qh5+ Kd7 
6.Bc4 Qe8 7.Bf7 Qd8 8.Bh4 Nf6 9.Qxf5+ Kc6 10.Qb5+ 
Kd6 11.Bg3+ e5 12.Qxe5+ Kc6 13.Qb5+ 1-0

[Event "HCL-C051"]
[Site "www.playchess.de"]
[Date "2001.02.19"]
[Round "1"]
[White "vulcan"]
[Black "Pelikan"]
[WhiteElo "1000"]
[BlackElo "1185"]
[PlyCount "88"]
[Result "0-1"]

1.e4 c5 2.Nf3 d6 3.d4 cxd4 4.Nxd4 Nf6 5.Nc3 a6 
6.h3 e6 7.Bg5 Be7 8.Be2 O-O 9.Qd2 Qc7 10.h4 Nc6 
11.Nb3 b5 12.a3 Bb7 13.h5 Rfd8 14.h6 g6 15.Bf4 Ne5 
16.Bxe5 dxe5 17.Qe3 Rac8 18.O-O Ba8 19.Bd3 Bb7 
20.Rad1 Ng4 21.Qh3 f5 22.Be2 Nf6 23.Rxd8+ Rxd8 
24.Rd1 Nxe4 25.Rxd8+ Bxd8 26.Nxe4 Bxe4 27.Bd3 Bd5 
28.Na1 Bf6 29.c3 e4 30.Be2 Bc4 31.Bxc4 Qxc4 32.Qe3 
Qd3 33.Qxd3 exd3 34.Kf1 e5 35.Ke1 e4 36.Nb3 Be7 
37.Kd2 Kf7 38.Nd4 Bc5 39.Nc6 Bxf2 40.Nb8 Bg3 
41.Nxa6 Bf4+ 42.Kd1 e3 43.Nb4 e2+ 44.Ke1 
Bg3+ 0-1

[Event "HCL-C051"]
[Site "www.playchess.de"]
[Date "2001.02.19"]
[Round "3"]
[White "Pelikan"]
[Black "CEAuke"]
[WhiteElo "1185"]
[BlackElo "944"]
[PlyCount "31"]
[Result "1-0"]

1.d4 c6 2.c4 Nf6 3.Nc3 d5 4.cxd5 cxd5 5.Bg5 e6 
6.e3 h6 7.Bh4 g5 8.Bg3 Bb4 9.Bd3 Qa5 10.Nge2 Nc6 
11.O-O Bd7 12.a3 Bxc3 13.Nxc3 O-O-O 14.b4 Qb6 
15.Na4 Qc7 16.Bxc7 1-0

[Event "HCL-C051"]
[Site "www.playchess.de"]
[Date "2001.02.19"]
[Round "4"]
[White "vulcan"]
[Black "Gofur"]
[WhiteElo "1000"]
[BlackElo "1000"]
[PlyCount "35"]
[Result "1-0"]

1.e4 c5 2.Nf3 d5 3.exd5 Qxd5 4.Nc3 Qd6 5.Bc4 a6 
6.O-O Nf6 7.Ng5 e6 8.Re1 h6 9.Nge4 Rh7 10.Nxd6+ 
Bxd6 11.d4 b5 12.dxc5 Bxc5 13.Bd3 g6 14.Be3 Be7 
15.Ne4 Nd5 16.c4 bxc4 17.Bxc4 Nb4 
18.a3 1-0

[Event "HCL-C051"]
[Site "www.playchess.de"]
[Date "2001.02.19"]
[Round "5"]
[White "Gofur"]
[Black "Pelikan"]
[WhiteElo "1000"]
[BlackElo "1185"]
[PlyCount "34"]
[Result "0-1"]

1.c4 e5 2.Nc3 Nf6 3.Nf3 Be7 4.Nxe5 d6 5.Qa4+ c6 
6.Nf3 O-O 7.g3 Nbd7 8.Bg2 Nb6 9.Qc2 Nxc4 10.b3 Nb6 
11.O-O Re8 12.d4 d5 13.a4 a5 14.Ng5 Nbd7 15.Bf4 
Nf8 16.Bh3 Bxh3 17.Rfe1 Bd7 0-1

[Event "HCL-C051"]
[Site "www.playchess.de"]
[Date "2001.02.19"]
[Round "6"]
[White "CEAuke"]
[Black "Gofur"]
[WhiteElo "944"]
[BlackElo "1000"]
[PlyCount "25"]
[Result "1-0"]

1.d4 f5 2.e3 Nf6 3.Nh3 d5 4.Nc3 Qd6 5.Nf4 Qb4 
6.Qd3 Nc6 7.b3 Ne4 8.Bd2 Qa5 9.Ncxd5 Bd7 10.Bxa5 
Rc8 11.Nxc7+ Kf7 12.Qc4+ Kf6 13.Ncd5+ 1-0

[Event "HCL-C051"]
[Site "www.playchess.de"]
[Date "2001.02.19"]
[Round "11"]
[White "vulcan"]
[Black "camos"]
[WhiteElo "1000"]
[BlackElo "1044"]
[PlyCount "65"]
[Result "1-0"]

1.e4 e5 2.Nf3 Nc6 3.Bc4 Nf6 4.Ng5 d5 5.exd5 Nxd5 
6.d4 Be6 7.dxe5 Nxe5 8.Nxe6 fxe6 9.Qh5+ g6 10.Qxe5 
Nf6 11.Qxe6+ Qe7 12.Qxe7+ Bxe7 13.Bg5 O-O-O 14.O-O 
h5 15.Nc3 Rd2 16.Bxd2 Ng4 17.Be6+ Kb8 18.Bxg4 hxg4 
19.Rae1 Bd6 20.Re6 Bxh2+ 21.Kh1 Bf4+ 22.Kg1 Bxd2 
23.f4 g3 24.Rf3 g5 25.f5 g4 26.Rxg3 Rd8 27.Rd3 Kc8 
28.Rxd8+ Kxd8 29.Ne4 Be3+ 30.Kf1 b6 31.f6 a5 32.f7 
Kd7 33.Re8 1-0

[Event "HCL-C051"]
[Site "www.playchess.de"]
[Date "2001.02.19"]
[Round "12"]
[White "camos"]
[Black "Pelikan"]
[WhiteElo "1044"]
[BlackElo "1185"]
[PlyCount "76"]
[Result "0-1"]

1.e4 c5 2.Bc4 Nc6 3.Nc3 Nf6 4.Nf3 d6 5.d3 e6 6.Be3 
a6 7.Ng5 b5 8.Bb3 Be7 9.O-O O-O 10.h4 h6 11.Nh3 b4 
12.Na4 e5 13.g3 Bxh3 14.Re1 Bc8 15.h5 Rb8 16.g4 
Bxg4 17.f3 Be6 18.Re2 Nxh5 19.Rg2 Nf4 20.Bxf4 exf4 
21.Kf1 Bh3 22.Qd2 Bg5 23.Ke1 Nd4 24.Qf2 Bh4 25.Rg6 
Nxb3 26.axb3 fxg6 27.Ke2 Bxf2 28.Kxf2 Qh4+ 29.Ke2 
d5 30.Rh1 dxe4 31.dxe4 Qg3 32.Rd1 Qg2+ 33.Kd3 
Rfd8+ 34.Kc4 Qxc2+ 35.Nc3 Rxd1 36.e5 bxc3 37.bxc3 
Rd4+ 38.Kxc5 Qxc3+ 0-1

[Event "HCL-C051"]
[Site "www.playchess.de"]
[Date "2001.02.19"]
[Round "13"]
[White "CEAuke"]
[Black "camos"]
[WhiteElo "944"]
[BlackElo "1044"]
[PlyCount "56"]
[Result "0-1"]

1.d4 d5 2.Nc3 Nf6 3.g3 Bf5 4.Bf4 e6 5.e3 Nc6 6.Rb1 
Bd6 7.Bxd6 cxd6 8.Bb5 e5 9.Nge2 Bh3 10.a4 Ne4 
11.Nxe4 dxe4 12.dxe5 dxe5 13.c3 Qxd1+ 14.Rxd1 O-O 
15.Rd6 a6 16.Bc4 Rac8 17.Rd7 Bg2 18.Rg1 Bf3 19.Bd5 
g6 20.Rxb7 a5 21.g4 Nd8 22.Rb5 Ne6 23.Rxa5 Rcb8 
24.b3 Rfd8 25.b4 Nc7 26.Bc6 Rd3 27.Rxe5 Rbd8 
28.Nd4 Rd1+ 0-1

[Event "HCL-C051"]
[Site "www.playchess.de"]
[Date "2001.02.19"]
[Round "14"]
[White "camos"]
[Black "Gofur"]
[WhiteElo "1044"]
[BlackElo "1000"]
[PlyCount "21"]
[Result "1-0"]

1.e4 c5 2.Bc4 Nf6 3.Nc3 d6 4.d3 Nc6 5.g3 Nd4 6.Be3 
Qa5 7.Nf3 Bg4 8.Kf1 Bxf3 9.Bb5+ Nxb5 10.Qxf3 Nxc3 
11.e5 1-0

[Event "HCL-C051"]
[Site "www.playchess.de"]
[Date "2001.02.19"]
[Round "16"]
[White "jokka"]
[Black "vulcan"]
[WhiteElo "1000"]
[BlackElo "1000"]
[PlyCount "25"]
[Result "1-0"]

1.e4 c6 2.Nf3 d5 3.e5 Bf5 4.d4 e6 5.Be2 c5 6.c3 
Nd7 7.O-O cxd4 8.cxd4 f6 9.Bf4 Ne7 10.exf6 Nxf6 
11.Qa4+ Qd7 12.Bb5 Nc6 13.Ne5 1-0

[Event "HCL-C051"]
[Site "www.playchess.de"]
[Date "2001.02.19"]
[Round "17"]
[White "Pelikan"]
[Black "jokka"]
[WhiteElo "1185"]
[BlackElo "1000"]
[PlyCount "36"]
[Result "1/2-1/2"]

1.e4 e5 2.Nf3 Nc6 3.Bc4 Nf6 4.d3 h6 5.O-O Bc5 6.c3 
d6 7.b4 Bb6 8.a4 a6 9.Be3 Bg4 10.Qb3 O-O 11.Nh4 
Bh5 12.Nf5 Kh7 13.Bxb6 cxb6 14.Nd2 Rc8 15.f4 Qd7 
16.Ng3 exf4 17.Rxf4 Bg6 18.Raf1 
Ne5 1/2-1/2

[Event "HCL-C051"]
[Site "www.playchess.de"]
[Date "2001.02.19"]
[Round "18"]
[White "jokka"]
[Black "CEAuke"]
[WhiteElo "1000"]
[BlackElo "944"]
[PlyCount "46"]
[Result "1-0"]

1.e4 e5 2.Nf3 d6 3.Bc4 Nf6 4.d3 a5 5.Bg5 h6 6.Bh4 
g5 7.Bg3 c6 8.a3 Qb6 9.Qc1 Nh5 10.Nc3 a4 11.Rb1 
Nd7 12.O-O Ra5 13.b4 axb3 14.e.p Bxb3 15.Ndf6 
Bxf7+ 16.Kxf7 Rxb6 17.Nxg3 fxg3 18.g4 Nh4 19.d5 
exd5 20.Bxa3 Rxf6+ 21.Kxf6 Qf1+ 22.Kg5 Ne4+ 23.Kh5 
Qf7+ 1-0

[Event "HCL-C051"]
[Site "www.playchess.de"]
[Date "2001.02.19"]
[Round "21"]
[White "camos"]
[Black "jokka"]
[WhiteElo "1044"]
[BlackElo "1000"]
[PlyCount "70"]
[Result "0-1"]

1.e4 c5 2.Nc3 Nc6 3.Bc4 e6 4.d3 Be7 5.Nf3 Nf6 
6.Ne2 d6 7.Be3 O-O 8.Ng3 b5 9.Bxb5 Qa5+ 10.b4 
Qxb4+ 11.Bd2 Qxb5 12.Ng5 Ne5 13.Rb1 Qd7 14.Nh5 
Nxh5 15.Qxh5 Bxg5 16.Bxg5 Ba6 17.f4 Nxd3+ 18.cxd3 
Bxd3 19.Rd1 Bxe4 20.O-O d5 21.Qg4 f6 22.Bh6 Kh8 
23.Bxg7+ Qxg7 24.Qxg7+ Kxg7 25.g4 Rab8 26.h4 Rb2 
27.Rf2 Rfb8 28.g5 Rxf2 29.Kxf2 Rb2+ 30.Ke1 Rh2 
31.gxf6+ Kxf6 32.h5 Rh1+ 33.Kd2 Rxd1+ 34.Kxd1 c4 
35.f5 exf5 0-1

[Event "HCL-C051"]
[Site "www.playchess.de"]
[Date "2001.02.19"]
[Round "22"]
[White "vulcan"]
[Black "redwall"]
[WhiteElo "1000"]
[BlackElo "1000"]
[PlyCount "49"]
[Result "1-0"]

1.e4 e5 2.Nf3 Nc6 3.Bc4 Bc5 4.c3 d6 5.d4 Bb6 6.O-O 
Qe7 7.Bg5 Nf6 8.Nbd2 exd4 9.cxd4 Nxd4 10.Re1 O-O 
11.b3 Bg4 12.h3 Nxf3+ 13.Nxf3 Be6 14.e5 dxe5 
15.Bxe6 Qxe6 16.Nxe5 Qf5 17.Nf3 Ne4 18.Be3 Bxe3 
19.Rxe3 h6 20.Qd3 Nd6 21.Qxf5 Nxf5 22.Re5 Nd6 
23.Re7 c6 24.Rd1 Rfd8 25.Ne5 1-0

[Event "HCL-C051"]
[Site "www.playchess.de"]
[Date "2001.02.19"]
[Round "23"]
[White "redwall"]
[Black "Pelikan"]
[WhiteElo "1000"]
[BlackElo "1185"]
[PlyCount "38"]
[Result "0-1"]

1.e4 c5 2.c3 d5 3.d3 dxe4 4.dxe4 Qxd1+ 5.Kxd1 Nf6 
6.Nd2 e6 7.Ngf3 Nc6 8.Bd3 Bd7 9.Nf1 Ng4 10.Be3 
Nxe3+ 11.Nxe3 Be7 12.Nd2 O-O 13.f4 Rfd8 14.Rf1 Be8 
15.Kc2 Rac8 16.f5 Bg5 17.Ndc4 b5 18.fxe6 fxe6 
19.Rf3 bxc4 0-1

[Event "HCL-C051"]
[Site "www.playchess.de"]
[Date "2001.02.19"]
[Round "24"]
[White "CEAuke"]
[Black "redwall"]
[WhiteElo "944"]
[BlackElo "1000"]
[PlyCount "31"]
[Result "1-0"]

1.d4 d5 2.Nf3 e6 3.Bf4 c5 4.e3 Nc6 5.Ne5 Nxe5 
6.Bxe5 Nf6 7.Nc3 cxd4 8.Nb5 Bb4+ 9.c3 dxc3 10.bxc3 
Ng4 11.Qxg4 Qa5 12.Nc7+ Ke7 13.cxb4 Qb6 14.Nxa8 
Qc6 15.Qg5+ Kd7 16.Qxg7 1-0

[Event "HCL-C051"]
[Site "www.playchess.de"]
[Date "2001.02.19"]
[Round "27"]
[White "redwall"]
[Black "camos"]
[WhiteElo "1000"]
[BlackElo "1044"]
[PlyCount "50"]
[Result "0-1"]

1.e4 e5 2.Nf3 Nc6 3.Bc4 Bc5 4.b4 Nxb4 5.Nxe5 Nh6 
6.d3 d6 7.Bxh6 Qh4 8.Qe2 gxh6 9.Nxf7 Rf8 10.O-O 
Bd7 11.Nd2 b5 12.Bb3 d5 13.exd5+ Qe7 14.Qxe7+ Kxe7 
15.Nxh6 Rf6 16.Ne4 Bxf2+ 17.Rxf2 Rxh6 18.Nc5 Bg4 
19.Re1+ Kd6 20.Ne4+ Kd7 21.Nf6+ Kd6 22.Nxg4 Rh4 
23.Ne3 Rh5 24.Nf5+ Kc5 25.Re3 Rg8 0-1

[Event "HCL-C051"]
[Site "www.playchess.de"]
[Date "2001.02.19"]
[Round "28"]
[White "jokka"]
[Black "redwall"]
[WhiteElo "1000"]
[BlackElo "1000"]
[PlyCount "43"]
[Result "1-0"]

1.e4 e5 2.Nf3 Nc6 3.Bc4 Bc5 4.O-O Nf6 5.d3 d6 6.c3 
Bg4 7.Bg5 O-O 8.Nbd2 a6 9.a3 h6 10.Bh4 Na5 11.Ba2 
Nc6 12.Nc4 b5 13.Ne3 Bxe3 14.fxe3 Ne7 15.Bxf6 gxf6 
16.Qe1 d5 17.Qg3 h5 18.h3 Qd7 19.hxg4 hxg4 20.Nh2 
d4 21.Qxg4+ Ng6 22.Qxd7 1-0

[Event "HCL-C051"]
[Site "www.playchess.de"]
[Date "2001.02.19"]
[Round "30"]
[White "Pelikan"]
[Black "tiberiuskirk"]
[WhiteElo "1185"]
[BlackElo "889"]
[PlyCount "55"]
[Result "1-0"]

1.e4 c6 2.d4 d5 3.Nd2 dxe4 4.Nxe4 Nd7 5.Bc4 Ngf6 
6.Ng5 e6 7.Qe2 Nb6 8.Bd3 h6 9.N5f3 c5 10.dxc5 Bxc5 
11.Bd2 O-O 12.O-O-O Nbd5 13.c4 Ne7 14.Bc3 Ng6 
15.Bxg6 Qb6 16.Bc2 Bxf2 17.Nd4 Bh4 18.Ngf3 Bg5+ 
19.Nxg5 hxg5 20.h4 g4 21.h5 e5 22.Qxe5 Re8 23.Qg5 
Nh7 24.Qf4 Qa6 25.Bxh7+ Kxh7 26.Qxf7 Qa4 27.Ne6 
Rg8 28.h6 1-0

[Event "HCL-C051"]
[Site "www.playchess.de"]
[Date "2001.02.19"]
[Round "34"]
[White "camos"]
[Black "tiberiuskirk"]
[WhiteElo "1044"]
[BlackElo "889"]
[PlyCount "62"]
[Result "0-1"]

1.e4 c6 2.d3 d5 3.f3 dxe4 4.fxe4 Nd7 5.Nf3 Ngf6 
6.Nc3 e6 7.h4 Bb4 8.g3 Qc7 9.Bf4 Bd6 10.Bh3 Bxf4 
11.gxf4 Qxf4 12.Qe2 Nh5 13.Rg1 O-O 14.Qg2 g6 
15.Bg4 Ndf6 16.Ne2 Qe3 17.a4 Nf4 18.Qh2 Nxg4 
19.Rxg4 e5 20.Rg5 Qxf3 21.O-O-O Nxe2+ 22.Qxe2 Qxe2 
23.h5 Qe3+ 24.Kb1 Qxg5 25.hxg6 fxg6 26.b3 Rf2 
27.Kb2 Rd2 28.Rh1 Qg2 29.Rh4 Rxc2+ 30.Ka3 Ra2+ 
31.Kb4 a5+ 0-1

[Event "HCL-C051"]
[Site "www.playchess.de"]
[Date "2001.02.19"]
[Round "35"]
[White "tiberiuskirk"]
[Black "jokka"]
[WhiteElo "889"]
[BlackElo "1000"]
[PlyCount "70"]
[Result "0-1"]

1.e4 Nf6 2.e5 Nd5 3.c4 Nb6 4.d4 d5 5.c5 N6d7 6.Nf3 
e6 7.Be2 Be7 8.O-O O-O 9.Nc3 Nc6 10.a3 b6 11.cxb6 
cxb6 12.Be3 f6 13.exf6 Nxf6 14.Qd3 Bb7 15.Bg5 Rc8 
16.Ne5 Nxe5 17.dxe5 Nd7 18.Bxe7 Qxe7 19.f4 Nc5 
20.Qc2 Ne4 21.Qd3 Qc5+ 22.Kh1 Nf2+ 23.Rxf2 Qxf2 
24.Rf1 Qh4 25.Qd4 Qe7 26.Nb5 Qc5 27.Qxc5 Rxc5 
28.Nd6 Bc6 29.Bg4 Bd7 30.g3 Rc2 31.Rb1 g5 32.Bd1 
Rd2 33.b3 gxf4 34.Bg4 fxg3 35.hxg3 
Rff2 0-1

[Event "HCL-C051"]
[Site "www.playchess.de"]
[Date "2001.02.19"]
[Round "36"]
[White "redwall"]
[Black "tiberiuskirk"]
[WhiteElo "1000"]
[BlackElo "889"]
[PlyCount "48"]
[Result "0-1"]

1.d4 Nf6 2.c4 e6 3.Nc3 Bb4 4.Bd2 Nc6 5.Nf3 Bxc3 
6.Bxc3 d5 7.e3 Ne4 8.cxd5 Qxd5 9.Bd3 Bd7 10.O-O 
Nxc3 11.bxc3 O-O-O 12.e4 Qh5 13.Be2 f5 14.Ne5 Qg5 
15.Nf7 Qg6 16.Nxh8 Rxh8 17.e5 h5 18.c4 h4 19.h3 
Qf7 20.Rb1 g5 21.Qb3 Na5 22.Qb4 b6 23.c5 Nc6 
24.Qb3 Nxd4 0-1

[Event "ACL-A044"]
[Site "www.playchess.de"]
[Date "2001.02.19"]
[Round "2"]
[White "locko"]
[Black "chrisg"]
[WhiteElo "1299"]
[BlackElo "1738"]
[PlyCount "40"]
[Result "0-1"]

1.g3 e5 2.Bg2 Nc6 3.Nf3 e4 4.Nh4 d5 5.e3 g5 6.Nf3 
exf3 7.Bxf3 Nf6 8.d4 Be6 9.Nc3 Qe7 10.a3 O-O-O 
11.b4 Bh3 12.Rg1 Qe6 13.Qe2 Bd6 14.e4 Nxd4 15.Qd3 
dxe4 16.Bxe4 Be5 17.Bxg5 Nb3 18.Qf3 Nxa1 19.Bxf6 
Nxc2+ 20.Bxc2 Bxc3+ 0-1

[Event "ACL-A044"]
[Site "www.playchess.de"]
[Date "2001.02.19"]
[Round "3"]
[White "Ochiroo"]
[Black "locko"]
[WhiteElo "1500"]
[BlackElo "1299"]
[PlyCount "45"]
[Result "1-0"]

1.e4 e5 2.Nf3 d6 3.d4 Nc6 4.dxe5 dxe5 5.Qxd8+ Nxd8 
6.Nxe5 f6 7.Nc4 Be6 8.Nc3 Nc6 9.Bf4 O-O-O 10.Nb5 
g5 11.Bxc7 Kd7 12.O-O-O+ Ke8 13.Bxd8 Nxd8 14.Nc7+ 
Kf7 15.Rxd8 Ke7 16.Nxe6 Kxe6 17.Rxf8 Ke7 18.Ra8 
Kf7 19.Nd6+ Ke6 20.Nf5 a6 21.Bc4+ Ke5 22.Re8+ Kf4 
23.Be2 1-0

[Event "ACL-A044"]
[Site "www.playchess.de"]
[Date "2001.02.19"]
[Round "4"]
[White "chrisg"]
[Black "dakini"]
[WhiteElo "1738"]
[BlackElo "1500"]
[PlyCount "61"]
[Result "1-0"]

1.e4 e5 2.Nf3 Nc6 3.d4 exd4 4.Nxd4 Qh4 5.Nc3 Bb4 
6.Ndb5 Qxe4+ 7.Be2 Bxc3+ 8.bxc3 Kd8 9.O-O d6 
10.Nd4 Nge7 11.Bf3 Qg6 12.Bf4 Bd7 13.Re1 Re8 
14.Rb1 Rb8 15.Qd2 h6 16.Nb5 Nf5 17.Rxe8+ Bxe8 
18.Re1 Bd7 19.Be4 a6 20.Nd4 Qf6 21.Nxc6+ bxc6 
22.Qd3 Rb2 23.a3 g5 24.Bd2 a5 25.c4 Ra2 26.Bc3 Qe6 
27.Bxc6 Qg6 28.Bxa5 Bxc6 29.Qb3 Qh5 30.Qb8+ Kd7 
31.Qxc7+ 1-0

[Event "ACL-A044"]
[Site "www.playchess.de"]
[Date "2001.02.19"]
[Round "5"]
[White "dakini"]
[Black "Ochiroo"]
[WhiteElo "1500"]
[BlackElo "1500"]
[PlyCount "70"]
[Result "0-1"]

1.e4 e6 2.Nf3 d5 3.e5 c5 4.c3 c4 5.b3 b5 6.a4 Bd7 
7.axb5 Bxb5 8.bxc4 dxc4 9.Bxc4 Bxc4 10.Qa4+ Nd7 
11.Qxc4 Ne7 12.Ba3 g6 13.d4 Bg7 14.Bxe7 Qxe7 
15.Qc7 O-O 16.Rxa7 Rxa7 17.Qxa7 Rb8 18.O-O Qd8 
19.Nbd2 Ra8 20.Qb7 Rb8 21.Qe4 Nb6 22.c4 Na4 23.Qc2 
Nb6 24.Ra1 Bh6 25.Ra6 Bxd2 26.c5 Nc4 27.Ra4 Rb2 
28.Qd1 Qb8 29.Ra1 Bh6 30.g4 Qb7 31.g5 Bxg5 32.Nxg5 
Ne3 33.Qf3 Rb1+ 34.Rxb1 Qxb1+ 35.Qd1 
Qxd1+ 0-1

[Event "ACL-A044"]
[Site "www.playchess.de"]
[Date "2001.02.19"]
[Round "6"]
[White "locko"]
[Black "dakini"]
[WhiteElo "1299"]
[BlackElo "1500"]
[PlyCount "72"]
[Result "0-1"]

1.g3 e5 2.Nf3 e4 3.Nh4 d5 4.b3 Be7 5.e3 Bxh4 
6.gxh4 Qxh4 7.Nc3 Nf6 8.Be2 Ng4 9.Rf1 Nxh2 10.Rh1 
Nf3+ 11.Bxf3 Qg5 12.Rh5 Qg1+ 13.Ke2 Qg6 14.Rxd5 
exf3+ 15.Kxf3 Bg4+ 16.Kf4 Bxd1 17.Nxd1 Qxc2 18.Bb2 
Qc6 19.Re5+ Kd8 20.Re4 f6 21.Rc1 Qd6+ 22.Kf3 Qd5 
23.Nc3 Qxd2 24.Rd1 Qxd1+ 25.Nxd1 Nc6 26.b4 b5 
27.a4 bxa4 28.b5 Ne5+ 29.Bxe5 fxe5 30.Rxe5 a6 
31.Rd5+ Kc8 32.Nc3 axb5 33.Rxb5 a3 34.Rb1 h5 
35.Nd5 a2 36.Ne7+ Kd7 0-1

[Event "ACL-A044"]
[Site "www.playchess.de"]
[Date "2001.02.19"]
[Round "7"]
[White "traga"]
[Black "chrisg"]
[WhiteElo "1500"]
[BlackElo "1738"]
[PlyCount "44"]
[Result "1/2-1/2"]

1.e4 c6 2.Nf3 d5 3.d3 dxe4 4.dxe4 Qxd1+ 5.Kxd1 Nf6 
6.e5 Ng4 7.Ke1 Nd7 8.Bf4 f6 9.exf6 exf6 10.Nbd2 
Nb6 11.h3 Nd5 12.Bg3 Nh6 13.Bc4 Bf5 14.Bxd5 cxd5 
15.c3 O-O-O 16.Bf4 Nf7 17.Be3 Re8 18.c4 dxc4 
19.Nxc4 Bd6 20.Nxd6+ Nxd6 21.Rc1+ Kb8 22.Ke2 
Be4 1/2-1/2